000 00499nam a22001812 4500
001 0000007320
005 20151217160112.0
008 080109s xx 000 0 eng d
020 _a9966464840 :
_cKES 165
040 _aKABU
_cKABU
100 1 _aKimenye, Barbara.
_@0000152306
245 1 4 _aThe Gemstone affair /
_cBarbara Kimenye.
260 _aNairobi :
_bE. A. E. P.,
_c1994.
300 _a72 p.
908 _a080109
950 _@1
999 _c14264
_d14264